000 00337nam a22001457a 4500
008 230706b ||||| |||| 00| 0 eng d
020 _a9780078024252
041 _aeng
080 _2SECOND EDITION
_a573
082 _a573HOE
100 _a15
101 _aMEDBIOL
245 _aBIOLOGY THR ESSENTIALS
_cHOEFNAGELS.M
942 _2udc
_cBK
999 _c60096
_d60096